[Event "Vienna State-ch B"]
[Site "Vienna"]
[Date "2015.09.18"]
[Round "7"]
[White "Bechmann, Gerhard"]
[Black "Sauper, Dorian Balthasar"]
[Result "1-0"]
[WhiteElo "2088"]
[BlackElo "1988"]
[PlyCount "73"]
[EventDate "2015.09.12"]
[EventType "swiss"]
[EventRounds "9"]
[EventCountry "AUT"]
[SourceTitle "EXT 2024"]
[Source "ChessBase"]
[SourceDate "2023.10.10"]
[SourceVersion "1"]
[SourceVersionDate "2023.10.10"]
[SourceQuality "1"]

1. d4 d5 2. Nf3 Nf6 3. e3 Bf5 4. c4 c6 5. Nc3 a6 6. a4 a5 7. cxd5 Nxd5 8. Bc4 e6 9. 0-0 Nd7 10. Re1 N7f6 11. Nd2 Nb4 12. e4 Bg4 13. Nf3 Be7 14. Be3 Bxf3 15. gxf3 g5 16. Kh1 h5 17. Rg1 g4 18. e5 Nfd5 19. fxg4 hxg4 20. Rxg4 Kd7 21. Qf3 Rh7 22. Nxd5 cxd5 23. Bb5+ Kc7 24. Rc1+ Kb6 25. Qe2 Qh8 26. f3 Rc8 27. Rc3 Rxc3 28. bxc3 Nc6 29. Bg1 Rh3 30. Qg2 Qh5 31. Bf2 f6 32. Bf1 f5 33. Qxh3 Qxh3 34. Bxh3 fxg4 35. Bxg4 Nd8 36. f4 Kc6 37. Be2 1-0

[Event "Vienna State-ch B"]
[Site "Vienna"]
[Date "2015.09.16"]
[Round "5"]
[White "Bechmann, Gerhard"]
[Black "Rubil, Marko"]
[Result "1/2-1/2"]
[WhiteElo "2088"]
[BlackElo "2229"]
[PlyCount "142"]
[EventDate "2015.09.12"]
[EventType "swiss"]
[EventRounds "9"]
[EventCountry "AUT"]
[SourceTitle "EXT 2024"]
[Source "ChessBase"]
[SourceDate "2023.10.10"]
[SourceVersion "1"]
[SourceVersionDate "2023.10.10"]
[SourceQuality "1"]

1. d4 d5 2. Nf3 Nf6 3. c4 dxc4 4. Nc3 a6 5. a4 Nc6 6. e3 Na5 7. Qc2 c6 8. Bd2 e6 9. Ne5 b5 10. Be2 Bb7 11. 0-0 Nb3 12. Rad1 Bb4 13. Be1 Be7 14. Ne4 0-0 15. Nxf6+ Bxf6 16. Bxc4 bxc4 17. Nxc4 Nxd4 18. exd4 a5 19. Bc3 Ba6 20. b3 Qd5 21. Ne3 Qh5 22. Rfe1 Rfc8 23. Nc4 Bd8 24. Re5 Qg6 25. Qd2 Rcb8 26. Qa2 Bc7 27. Ree1 Qh5 28. g3 Qd5 29. Rb1 c5 30. Ne3 Qf3 31. h3 Bb6 32. Rbd1 h5 33. h4 Rd8 34. Qb2 Bb7 35. Kh2 f6 36. Rf1 cxd4 37. Bxd4 Bxd4 38. Rxd4 Rxd4 39. Qxd4 Ba6 40. Nc4 Qxb3 41. Nxa5 Qd5 42. Qxd5 exd5 43. Rc1 Be2 44. Nc6 Kf7 45. a5 Bc4 46. Kg2 Ra6 47. Nd4 Rxa5 48. Rb1 Ra7 49. Kf3 Re7 50. Nf5 Be2+ 51. Kg2 Bd3 52. Nxe7 Bxb1 53. Nc6 Ke6 54. Kf3 g5 55. Ke3 gxh4 56. gxh4 Kf5 57. f3 Ba2 58. Nd4+ Ke5 59. Nc6+ Kd6 60. Nd4 Bb1 61. f4 Bh7 62. Nb3 Bf5 63. Nd4 Bd7 64. Nb3 Ba4 65. Nd4 Kc5 66. Ne6+ Kc4 67. Nd4 Kc3 68. Ne6 Bd1 69. Nd4 Bg4 70. Nc6 Kc4 71. Nd4 Bd7 1/2-1/2

[Event "Vienna Husek op"]
[Site "Vienna"]
[Date "2014.07.06"]
[Round "2"]
[White "Froewis, Georg"]
[Black "Bechmann, Gerhard"]
[Result "1-0"]
[WhiteElo "2443"]
[BlackElo "2078"]
[PlyCount "66"]
[EventDate "2014.07.05"]
[EventType "swiss"]
[EventRounds "9"]
[EventCountry "AUT"]
[SourceTitle "CBM 161 Extra"]
[Source "ChessBase"]
[SourceDate "2014.08.29"]
[SourceVersion "1"]
[SourceVersionDate "2014.08.29"]
[SourceQuality "1"]

1. Nf3 Nf6 2. c4 g6 3. Nc3 Bg7 4. g3 c5 5. Bg2 0-0 6. 0-0 Nc6 7. d4 cxd4 8. Nxd4 Nxd4 9. Qxd4 d6 10. Rd1 a6 11. h3 Qc7 12. Bg5 Be6 13. Qd2 Rab8 14. Rac1 Qd7 15. c5 Rfd8 16. cxd6 exd6 17. g4 Qe7 18. Qf4 h6 19. Bxh6 Ne8 20. Bxg7 Kxg7 21. Rd2 Rbc8 22. Rcd1 b5 23. Qd4+ Kg8 24. b3 Qc7 25. Ne4 Qd7 26. e3 b4 27. Ng5 Rc3 28. Qf4 Rdc8 29. Nxe6 Qxe6 30. Qxb4 Rc1 31. Qe4 Qf6 32. Qd4 Qe7 33. Qb2 R1c5 1-0

[Event "Vienna State-chB"]
[Site "Vienna"]
[Date "2011.09.14"]
[Round "5"]
[White "Neuhold, Manfred"]
[Black "Bechmann, Gerhard"]
[Result "0-1"]
[WhiteElo "1646"]
[BlackElo "2092"]
[PlyCount "74"]
[EventDate "2011.09.10"]
[EventType "swiss"]
[EventRounds "9"]
[EventCountry "AUT"]
[SourceTitle "EXT 2013"]
[Source "ChessBase"]
[SourceDate "2012.11.22"]
[SourceVersion "1"]
[SourceVersionDate "2012.11.22"]
[SourceQuality "1"]

1. c4 c5 2. Nf3 Nc6 3. d4 cxd4 4. Nxd4 e5 5. Nb5 d6 6. N1c3 a6 7. Na3 Nf6 8. e4 h6 9. Be2 Be7 10. Nc2 0-0 11. 0-0 Be6 12. b3 Ne8 13. Ne3 Nd4 14. Bd3 Nc7 15. Ncd5 Nxd5 16. Nxd5 Bxd5 17. exd5 Qd7 18. f4 Bf6 19. Rb1 b5 20. Be3 Rfe8 21. fxe5 dxe5 22. Be4 bxc4 23. bxc4 Rab8 24. Qd2 Qg4 25. Bd3 e4 26. Rxb8 Rxb8 27. Bb1 Nf3+ 28. Rxf3 exf3 29. Bc2 Qxc4 30. Bb3 Qg4 31. Bf4 Re8 32. h3 Bd4+ 33. Kh2 fxg2 34. Qxd4 g1Q+ 35. Qxg1 Qxf4+ 36. Kh1 Qf3+ 37. Qg2 Re1+ 0-1

[Event "Vienna State-chB"]
[Site "Vienna"]
[Date "2011.09.13"]
[Round "4"]
[White "Gratze, Michael"]
[Black "Bechmann, Gerhard"]
[Result "1-0"]
[WhiteElo "1998"]
[BlackElo "2092"]
[PlyCount "61"]
[EventDate "2011.09.10"]
[EventType "swiss"]
[EventRounds "9"]
[EventCountry "AUT"]
[SourceTitle "EXT 2013"]
[Source "ChessBase"]
[SourceDate "2012.11.22"]
[SourceVersion "1"]
[SourceVersionDate "2012.11.22"]
[SourceQuality "1"]

1. e4 c5 2. Nf3 d6 3. d4 cxd4 4. Nxd4 Nf6 5. Nc3 a6 6. Be3 Ng4 7. Bg5 h6 8. Bh4 Nc6 9. Bc4 Nge5 10. Bb3 Ng6 11. Bg3 e6 12. 0-0 Be7 13. Kh1 0-0 14. Nde2 Na5 15. f4 Nxb3 16. axb3 Bd7 17. Rf3 Bc6 18. Rd3 Qc8 19. Nd4 Rd8 20. f5 Nf8 21. Nxc6 Qxc6 22. Ra4 Rd7 23. Rc4 Qb6 24. Na4 Qd8 25. Rcd4 b5 26. Nc3 Raa7 27. Bxd6 exf5 28. exf5 Qa8 29. Bxe7 Rxe7 30. Rd8 Qc6 31. R3d6 1-0

[Event "Vienna State-chB"]
[Site "Vienna"]
[Date "2011.09.10"]
[Round "1"]
[White "Bechmann, Gerhard"]
[Black "Dodu, Iulian Laurentiu"]
[Result "1-0"]
[WhiteElo "2092"]
[BlackElo "1763"]
[PlyCount "88"]
[EventDate "2011.09.10"]
[EventType "swiss"]
[EventRounds "9"]
[EventCountry "AUT"]
[SourceTitle "EXT 2013"]
[Source "ChessBase"]
[SourceDate "2012.11.22"]
[SourceVersion "1"]
[SourceVersionDate "2012.11.22"]
[SourceQuality "1"]

1. d4 Nf6 2. Nf3 b6 3. e3 e6 4. c4 Bb7 5. Nc3 Bb4 6. Be2 c5 7. 0-0 Bxc3 8. bxc3 0-0 9. Ba3 Qc7 10. Nd2 d6 11. Qc2 Nc6 12. Rac1 Rac8 13. Bb2 Na5 14. Nb3 Be4 15. Qd2 cxd4 16. cxd4 Nxb3 17. axb3 Qb7 18. f3 Bg6 19. e4 Rfd8 20. Qe3 Ne8 21. Bd3 f6 22. Qe2 Rc7 23. d5 Re7 24. Rfe1 e5 25. b4 Rc7 26. Ba3 a6 27. Rb1 Ra8 28. Qf2 Rb8 29. c5 b5 30. Bc1 Qc8 31. c6 f5 32. Bg5 Rf7 33. Qc2 f4 34. Ra1 Nc7 35. Bh4 Bh5 36. Bf2 Rf6 37. Bf1 g5 38. Ra3 g4 39. fxg4 Qxg4 40. Be2 Qg5 41. Bf1 Kh8 42. Rh3 Bg4 43. Bh4 Qg6 44. Bxf6+ Qxf6 1-0

[Event "Niederoesterreich Landesliga 1011"]
[Site "Austria"]
[Date "2010.10.10"]
[Round "3"]
[White "Wadsack, Wolfgang"]
[Black "Bechmann, Gerhard"]
[Result "1-0"]
[WhiteElo "2191"]
[BlackElo "2060"]
[PlyCount "84"]
[EventDate "2010.09.12"]
[EventType "team-tourn"]
[EventRounds "13"]
[EventCountry "AUT"]
[SourceTitle "EXT 2022"]
[Source "ChessBase"]
[SourceDate "2021.10.06"]
[SourceVersion "1"]
[SourceVersionDate "2021.10.06"]
[SourceQuality "1"]

1. e4 c5 2. c3 d5 3. exd5 Qxd5 4. d4 Nf6 5. Nf3 Bg4 6. Be2 e6 7. h3 Bh5 8. 0-0 Nc6 9. Be3 cxd4 10. cxd4 Be7 11. Nc3 Qa5 12. a3 Rd8 13. b4 Qc7 14. Rc1 Qb8 15. Qa4 a6 16. Ne5 Bxe2 17. Nxe2 0-0 18. Nxc6 bxc6 19. Rxc6 Nd5 20. Qb3 Qb5 21. Qc4 Qxc4 22. Rxc4 a5 23. bxa5 Ra8 24. Bd2 Bxa3 25. Ra1 Bd6 26. Rc6 Rfd8 27. a6 Ra7 28. Rb1 h6 29. Rb7 Bb8 30. Ba5 Re8 31. Nc3 Ne7 32. Rcb6 Ra8 33. Rd7 Ba7 34. Rbb7 Nc6 35. Nb5 Bxd4 36. Nxd4 Nxa5 37. Rbc7 Rxa6 38. Rxf7 Rd6 39. Rxg7+ Kh8 40. Rh7+ Kg8 41. Rcg7+ Kf8 42. Rg4 e5 1-0

[Event "Niederoesterreich Landesliga 0708"]
[Site "Austria"]
[Date "2008.02.24"]
[Round "9"]
[White "Bechmann, Gerhard"]
[Black "Kranzl, Peter"]
[Result "1/2-1/2"]
[WhiteElo "2066"]
[BlackElo "2234"]
[PlyCount "46"]
[EventDate "2007.09.16"]
[EventType "team-tourn"]
[EventRounds "13"]
[EventCountry "AUT"]
[SourceTitle "EXT 2022"]
[Source "ChessBase"]
[SourceDate "2021.10.06"]
[SourceVersion "1"]
[SourceVersionDate "2021.10.06"]
[SourceQuality "1"]

1. f4 g6 2. Nf3 Bg7 3. d3 c5 4. g3 Nc6 5. Bg2 d5 6. 0-0 Nf6 7. c3 0-0 8. Na3 a6 9. Nc2 Qd6 10. Qe1 e5 11. fxe5 Nxe5 12. Nxe5 Qxe5 13. Bf4 Qh5 14. Ne3 Ng4 15. Nxg4 Bxg4 16. Bf3 Bxf3 17. Rxf3 Rfe8 18. Qf2 d4 19. Bd2 Re7 20. Rf1 f5 21. Qg2 Rae8 22. R1f2 dxc3 23. bxc3 Bh6 1/2-1/2

[Event "Niederoesterreich Landesliga 0607"]
[Site "Austria"]
[Date "2007.01.14"]
[Round "7"]
[White "Bechmann, Gerhard"]
[Black "Kadletz, Karl"]
[Result "1/2-1/2"]
[WhiteElo "2087"]
[BlackElo "2107"]
[PlyCount "154"]
[EventDate "2006.09.17"]
[EventType "team-tourn"]
[EventRounds "11"]
[EventCountry "AUT"]
[SourceTitle "EXT 2022"]
[Source "ChessBase"]
[SourceDate "2021.10.06"]
[SourceVersion "1"]
[SourceVersionDate "2021.10.06"]
[SourceQuality "1"]

1. e4 d6 2. Nf3 Nf6 3. d3 g6 4. Be2 Bg7 5. 0-0 0-0 6. c3 Nc6 7. h3 e5 8. Nh2 d5 9. exd5 Qxd5 10. Na3 Be6 11. Qa4 Qd7 12. Qh4 Ne7 13. g4 Nfd5 14. Nf3 f6 15. Qg3 c6 16. Nc2 Rad8 17. c4 Nf4 18. Bxf4 exf4 19. Qxf4 f5 20. g5 Bxb2 21. Rab1 Bg7 22. d4 b6 23. Rfe1 Qd6 24. Qxd6 Rxd6 25. Bf1 Kf7 26. Ne5+ Bxe5 27. Rxe5 Bd7 28. Rbe1 Re6 29. f4 Rxe5 30. Rxe5 Nc8 31. c5 Be6 32. Nb4 Ne7 33. Kf2 Rd8 34. Ke3 a5 35. Nd3 b5 36. a3 Bc4 37. Bg2 Rb8 38. Kd2 b4 39. axb4 axb4 40. Re1 Bxd3 41. Kxd3 Ra8 42. Re2 Ra1 43. Rb2 Ke6 44. Kc4 Rc1+ 45. Kb3 Re1 46. Kxb4 Nd5+ 47. Kb3 Re3+ 48. Ka4 Rd3 49. Re2+ Kd7 50. Bxd5 Rxd4+ 51. Ka5 cxd5 52. Kb5 Rxf4 53. c6+ Kd6 54. Re8 Rc4 55. Rd8+ Ke5 56. Rh8 f4 57. Rxh7 f3 58. Rf7 Rf4 59. c7 f2 60. Rxf4 Kxf4 61. c8Q f1Q+ 62. Ka5 Qa1+ 63. Kb4 Qd4+ 64. Ka3 Kxg5 65. Qe6 Qe4 66. Qd7 d4 67. Kb3 Kh4 68. Kc4 d3+ 69. Kc3 Qf5 70. Qh7+ Kg3 71. Kd2 Qe4 72. Kc3 Kf2 73. Qa7+ Ke2 74. Qa2+ Kf1 75. Qh2 g5 76. Qg3 Qg2 77. Qxd3+ Kg1 1/2-1/2

[Event "AUT-chT2O 0304"]
[Site "Austria"]
[Date "2004.02.28"]
[Round "10.2"]
[White "Penz, Harald"]
[Black "Bechmann, Gerhard"]
[Result "1/2-1/2"]
[WhiteElo "2307"]
[BlackElo "2141"]
[PlyCount "58"]
[EventDate "2003.10.25"]
[EventType "team-tourn"]
[EventRounds "11"]
[EventCountry "AUT"]
[SourceTitle "EXT 2005"]
[Source "ChessBase"]
[SourceDate "2004.11.15"]
[SourceVersion "1"]
[SourceVersionDate "2004.11.15"]
[SourceQuality "1"]
[WhiteTeam "Hietzing/Fischer SK"]
[BlackTeam "Mauerbach"]
[WhiteTeamCountry "AUT"]
[BlackTeamCountry "AUT"]

1. e4 c5 2. c3 e5 3. Bc4 Nc6 4. Nf3 Be7 5. d4 cxd4 6. cxd4 exd4 7. Nxd4 Qa5+ 8. Nc3 Qc5 9. Nxc6 dxc6 10. Qb3 Qh5 11. Bf4 Nf6 12. 0-0 0-0 13. Rad1 b5 14. Be2 Qg6 15. Bd6 Be6 16. Qa3 Bxd6 17. Qxd6 Rac8 18. Bf3 Bg4 19. Bxg4 Nxg4 20. Qxg6 hxg6 21. Rd7 a5 22. f3 Ne5 23. Re7 Nc4 24. b3 Nb6 25. Rb7 Rb8 26. Rxb8 Rxb8 27. Rd1 Kf8 28. Kf2 Ke7 29. Ke3 a4 1/2-1/2